| 000 | 00628nam a2200217 a 4500 | ||
|---|---|---|---|
| 999 |
_c2667 _d2667 |
||
| 001 | 2667 | ||
| 003 | BD-JhCC | ||
| 005 | 20171107132801.0 | ||
| 008 | 171105s1969 bg |||| ||a| 000 0 ben d | ||
| 035 | _a(BD-JhCC)2667 | ||
| 040 |
_aBD-JhCC _dBD-JhCC |
||
| 041 | _aben | ||
| 082 |
_a891.443 _bGLA 1969 |
||
| 100 | _aগ্লাসগো, এলেন | ||
| 245 |
_aবন্ধ্যা ধরণী / _cএলেন গ্লাসগো, |
||
| 260 |
_aঢাকা : _bখোশরোজ কিতাব মহল, _c1969 |
||
| 300 |
_a221 p. : _c22 cm. |
||
| 650 | _aBengali Novel | ||
| 942 |
_2ddc _cBK |
||